Femmes e Hombres : poesie erotiche /
Gardado en:
| Autor Principal: | |
|---|---|
| Outros autores: | |
| Formato: | Libro |
| Idioma: | Lingua italiana francés |
| Publicado: |
Roma :
TEN,
1993
|
| Series: | Centopaginemillelire ;
89 |
| Subjects: | |
| Tags: |
Sen Etiquetas, Sexa o primeiro en etiquetar este rexistro!
|
MARC
| LEADER | 00000nam a22000007i 4500 | ||
|---|---|---|---|
| 001 | IT\ICCU\RAV\0253845 | ||
| 003 | ItRI | ||
| 005 | 20260215161922.0 | ||
| 008 | 950505s1993 it |||||| ||||| |||||c | ||
| 020 | |a 8879830694 | ||
| 040 | |b ita |c ARCIGAY RIMINI | ||
| 041 | 7 | |a ita |a fre |2 ISO-639-2 | |
| 082 | |a 841.8 |2 19 | ||
| 100 | 1 | |a Verlaine, Paul |0 IT\ICCU\CFIV\010732 |4 aut | |
| 245 | 1 | 0 | |a Femmes e Hombres : |b poesie erotiche / |c Paul Verlaine ; traduzione integrale e cura di Sergio Zoppi. |
| 260 | |a Roma : |b TEN, |c 1993 | ||
| 300 | |a 95 p. ; |c 20 cm | ||
| 500 | |a Testo originale a fronte. | ||
| 650 | 7 | |a POESIA AMOROSA |2 scbi | |
| 700 | 1 | |a Zoppi, Sergio, |d (1936- ) |0 IT\ICCU\CFIV\008671 | |
| 830 | 0 | |a Centopaginemillelire ; |v 89 |0 IT\ICCU\RAV\0196182 | |
| 942 | |2 ddc |c BK | ||
| 952 | |0 0 |1 0 |2 ddc |4 0 |6 841_800000000000000_VER_FEM |7 1 |9 2560 |a RN |b RN |d 2024-12-31 |l 0 |o 841.8 VER FEM |p 10004 |r 2024-12-31 10:11:10 |w 2024-12-31 |y BK | ||
| 952 | |0 0 |1 0 |2 ddc |4 0 |6 B_LPS01VERPAFEM11 |7 0 |9 7048 |a MI |b MI |d 2009-09-09 |i 5593 |l 0 |o B-LPS01-VERPA-FEM11 |p CDOM5593 |r 2025-07-13 16:28:00 |w 2025-07-13 |x DONO |y BK | ||
| 952 | |0 0 |1 0 |2 ddc |4 0 |6 B_LPS01VERPAFEM12 |7 0 |9 7049 |a MI |b MI |d 2010-09-13 |i 6042 |l 0 |o B-LPS01-VERPA-FEM12 |p CDOM6042 |r 2025-07-13 16:28:00 |w 2025-07-13 |x DONO |y BK | ||
| 952 | |0 0 |1 0 |4 0 |6 DOC_841_800000000000000_VER |7 0 |9 17169 |a BO |b BO |d 2026-01-15 |i 10110 |l 0 |o DOC 841.8 VER |p BO10110 |r 2026-01-15 23:19:33 |w 2026-01-15 |x [Sebina 5] [1 v.] |y BK |z 1 v. | ||
| 999 | |c 2221 |d 2221 | ||